L'Irak pour les touristes... - Facile - Statistiques

Statistiques générales
  • Ce quiz a été pris 17 fois
  • Le résultat moyen est 8 sur 20
Statistiques - réponses
Question Indice Réponses Indice facile % Correct
Quelles sont les langues officielles ? Arabe
100%
Le principal aéroport est B Bagdad
79%
La religion majoritaire est Islam I
79%
Quelles sont les principaux lieux touristiques ? B Vieille ville de {Bagdad} GDDBAA
79%
Dans la capitale quel est le décalage horaire avec Paris ? (+ ou - et chiffre) ex - 10 ou + 3,5 + 1
71%
Quelles sont les langues officielles ? Kurde K
64%
Quel est le climat local ? C Continental
50%
Quelles sont les principaux lieux touristiques ? U Ziggourat d'{Ur} RU
50%
Quelle est la monnaie ? Dinar irakien D
43%
Le suffixe internet est iq
43%
Combien d'heures (environ) mettrez-vous pour vous y rendre ? (en chiffres) 10
29%
Code sur les plaques minéralogiques IRQ
29%
Achats à faire 1/ Tapis de type Kilim MILKI
29%
Quel est le régime du pays ? R P République parlementaire
29%
Comment se nomme la principale compagnie aérienne locale I A Iraqi Airways WRIIQAASARYI
21%
Achats à faire 3/ Boisson chaude locale Thé à la {cardamone} AMCOEDRNA
21%
Quelles sont les principaux lieux touristiques ? K Ville de {Karbala} AKLABRA
14%
Quelles sont les principaux lieux touristiques ? A Cité antique d'{Assour} UAOSSR
7%
Achats à faire 2/ Tapis kurde Koliai IOAILK
0%
Quelles sont les principaux lieux touristiques ? H Temples de {Hatra} AHART
0%
Aucun quiz correspondant
Distribution des résultats
% des personnes avec chaque résultat
Percentile par nombre de réponses
Votre historique - résultats
Vous n’avez pas pris ce quiz